000 00885nam a2200253 4500
001 16414
010 _a9789720726988
021 _b372493/14
090 _a16414
100 _a20140820e2014 d y0pory5003 ba
200 1 _aAli Babá e os quarenta ladrões
_fadapt. Luc Lefort
_gadapt. para a língua port. António Pescada
_gil. Daniele Fabbri
205 _a1ª ed reimp. 2023
210 9 _aPorto
_cPorto Editora,
_d2014
215 _a78, [1] p.
_cil.
_d20 cm
225 2 _aEducação literária
300 _aLeitura recomendada 6º ano
304 _aTít. orig.: Ali Baba et les quarante voleurs
675 _a821.134.3-34"19/20"(072)
_vBN
_zpor
702 1 _aPescada,
_bAntónio,
_f1938-
702 1 _aFabbri,
_bDaniele
702 1 _aLefort,
_bLuc
801 0 _aPT
_bBN
_gRPC
856 4 1 _uhttp://rnod.bnportugal.gov.pt/ImagesBN/winlibimg.aspx?skey=&doc=1881988&img=47271&save=true
990 _cLIVROS